000 00710nam a2200277Ia 4500
005 20260324120627.0
008 008 260324s9999 xx 000 0 eng d
020 _a9781003112969
037 _aEBOOK
040 _aCRL
040 _beng
040 _cCRL
041 _2eng
041 _aeng
084 _qCRL
100 _aHaia Shpayer-Makov; Rosalind Crone; Janet Clark; Paul Lawrence
_91159332
245 4 _aThe Making of the Modern Police, 1780–1914, Part II vol 6
260 _bTaylor and Francis
260 _c2015
365 _a
365 _b195
856 _uhttp://www.taylorfrancis.com/books/9781003112969
942 _cEBOOK
999 _c1750959
_d1750959